The rising storm
Spremljeno u:
| Glavni autor: | |
|---|---|
| Format: | Knjiga |
| Jezik: | engleski |
| Izdano: |
New York, USA:
Del Rey,
2021
|
| Serija: | Star Wars: the high Republic.
|
| Teme: | |
| Oznake: |
Dodaj oznaku
Bez oznaka, Budi prvi tko označuje ovaj zapis!
|
MARC
| LEADER | 00000nam a22000007a 4500 | ||
|---|---|---|---|
| 003 | CL-VaPUC | ||
| 005 | 20220112125352.0 | ||
| 008 | 220107b2021 ||||| |||| 00| 0 eng d | ||
| 999 | |c 434403 |d 434401 | ||
| 020 | |a 978-0-593-35731-6 | ||
| 040 | |c Pontificia Universidad Católica de Valparaíso | ||
| 082 | 7 | |a 823 SCO 2021 |2 22 | |
| 100 | 1 | |a Scott, Cavan |e author |9 865645 | |
| 245 | 1 | 4 | |a The rising storm |
| 260 | |a New York, USA: |b Del Rey, |c 2021 | ||
| 300 | |a 430 páginas | ||
| 490 | |a Star Wars: the high Republic. | ||
| 583 | |c 20220107 |k Cristina María Rojas Aguilar | ||
| 650 | 0 | |a Novelas inglesas |9 265220 |x Ficción | |
| 650 | 0 | |a Guerra de las galaxias |x Novela de ficción |9 865646 | |
| 942 | |2 ddc |c BK | ||
| 952 | |0 0 |1 0 |2 ddc |4 0 |6 823_000000000000000_SCO_2021 |7 0 |8 A |9 580267 |a BIBENE |b BIBENE |c GEN |d 2022-01-07 |e Donación |i 5634040 |l 3 |m 2 |o 823 SCO 2021 |p 5634040 |r 2025-01-15 |s 2022-06-23 |t 1 |w 2022-01-07 |y BK |k ICO | ||